000 00222nam a22000977a 4500
082 _a508 AMA'
245 _aTHE AMAZING WORLD OF NATURE
260 _aLONDON
_bREADER DIGEST ASSOCIATION
_c1969
300 _a317P
942 _cBK
999 _c581982
_d581982